| 000 | 00916nam a2200241 a 4500 | ||
|---|---|---|---|
| 001 | 38641 | ||
| 003 | BD-RjUL | ||
| 005 | 20211209052831.0 | ||
| 008 | 191114s1976 bg ||||| |||| 001 0 ben d | ||
| 020 | _c: Tk. 16.00 | ||
| 035 | _a(BD-RjUL)38749 | ||
| 040 |
_aBD-RjUL _bben/eng _cBD-RjUL _dBD-RjUL |
||
| 041 | _aben | ||
| 082 |
_a954.9 _bSED 1976 _223 |
||
| 100 | 1 |
_aসেন, সরলানন্দ _9234964 |
|
| 245 | 1 | 0 |
_aঢাকার চিঠি / _cসরলানন্দ সেন |
| 260 |
_aঢাকা : _bমুক্তধারা, _c১৯৭৬ |
||
| 300 |
_a খণ্ড ; _c২১ সেমি. |
||
| 505 | 0 | _aখণ্ড ২ -- | |
| 651 |
_aপাকিস্তান _zপূর্ব পাকিস্তান (বাংলাদেশ) _xইতিহাস _y১৯৫৪-১৯৫৭ _9234965 |
||
| 651 |
_aPakistan _zEast Pakistan (Bangladesh) _y1954-1957 _9234966 |
||
| 942 |
_2ddc _cBK |
||
| 999 |
_c38641 _d38641 |
||